Photoinduced Defects in Semiconductors (Record no. 7300)

MARC details
000 -LEADER
fixed length control field 01184cam a2200301 a 4500
001 - CONTROL NUMBER
control field 3034233
003 - CONTROL NUMBER IDENTIFIER
control field OSt
005 - DATE AND TIME OF LATEST TRANSACTION
control field 20240517115818.0
008 - FIXED-LENGTH DATA ELEMENTS--GENERAL INFORMATION
fixed length control field 950621s1996 enka b 001 0 eng
010 ## - LIBRARY OF CONGRESS CONTROL NUMBER
LC control number 95032567
020 ## - INTERNATIONAL STANDARD BOOK NUMBER
International Standard Book Number 0521461960 (hc)
040 ## - CATALOGING SOURCE
Original cataloging agency DLC
Transcribing agency DDC
Modifying agency DLC
050 00 - LIBRARY OF CONGRESS CALL NUMBER
Classification number QC611.6.D4
Item number R43 1996
082 00 - DEWEY DECIMAL CLASSIFICATION NUMBER
Classification number 621.38 RED 1996
100 1# - MAIN ENTRY--PERSONAL NAME
Personal name Edited by Redfield, David ; Bube, Richard H.;
9 (RLIN) 14974
245 10 - TITLE STATEMENT
Title Photoinduced Defects in Semiconductors
260 ## - PUBLICATION, DISTRIBUTION, ETC. (IMPRINT)
Place of publication, distribution, etc. New York;
Name of publisher, distributor, etc. Cambridge University Press,
Date of publication, distribution, etc. 1996.
300 ## - PHYSICAL DESCRIPTION
Extent x,217p;
Other physical details ill.
Dimensions 24cm.
440 #0 - SERIES STATEMENT/ADDED ENTRY--TITLE
Title Cambridge studies in semiconductor physics and microelectronic engineering ;
Volume/sequential designation 4
9 (RLIN) 14976
504 ## - BIBLIOGRAPHY, ETC. NOTE
Bibliography, etc Includes; bibliographical references (p. 201-214) and index.
650 #0 - SUBJECT ADDED ENTRY--TOPICAL TERM
Topical term or geographic name as entry element Physics
9 (RLIN) 809
650 #0 - SUBJECT ADDED ENTRY--TOPICAL TERM
Topical term or geographic name as entry element Semiconductors
9 (RLIN) 13406
856 42 - ELECTRONIC LOCATION AND ACCESS
Materials specified Publisher description
Uniform Resource Identifier <a href="http://www.loc.gov/catdir/description/cam027/95032567.html">http://www.loc.gov/catdir/description/cam027/95032567.html</a>
856 41 - ELECTRONIC LOCATION AND ACCESS
Materials specified Table of contents
Uniform Resource Identifier <a href="http://www.loc.gov/catdir/toc/cam024/95032567.html">http://www.loc.gov/catdir/toc/cam024/95032567.html</a>
906 ## - LOCAL DATA ELEMENT F, LDF (RLIN)
a 7
b cbc
c orignew
d 1
e ocip
f 19
g y-gencatlg
942 ## - ADDED ENTRY ELEMENTS (KOHA)
Source of classification or shelving scheme Dewey Decimal Classification
Koha item type Open Shelf
Holdings
Withdrawn status Lost status Source of classification or shelving scheme Damaged status Not for loan Home library Current library Date acquired Source of acquisition Inventory number Total Checkouts Full call number Barcode Date last seen Price effective from Koha item type
    Dewey Decimal Classification     MUST Main Library MUST Main Library 29/09/2021 Purchase 05/24812   621.38152RED 1996 2021-1366 29/09/2021 29/09/2021 Open Shelf